[Event "6th Tal Memorial"]
[Site "Moscow/Russia"]
[Date "2011.11.23"]
[Round "7.3"]
[White "Karjakin, Sergey"]
[Black "Aronian, Levon"]
[Result "1/2-1/2"]
[WhiteElo "2763"]
[BlackElo "2802"]
[PlyCount "75"]
[EventDate "2011.??.??"]

1. e4 e5 2. Nf3 Nc6 3. Bb5 a6 4. Ba4 Nf6 5. O-O Be7 6. d3 d6 7. c3 O-O 8. Re1
b5 9. Bc2 d5 10. Nbd2 dxe4 11. dxe4 Be6 {[%eval 15,0]} 12. h3 {[%eval 10,0]}
Bc5 {[%eval 11,0]} 13. a4 {[%eval 13,0]} Ba7 {[%eval 11,0]} 14. Nf1 {[%eval 10,
0]} h6 {[%eval 11,0]} 15. Ne3 {[%eval 23,0]} Qd6 {[%eval 31,0]} 16. Qe2 {
[%eval 29,0]} Bxe3 {[%eval 31,0]} 17. Bxe3 {[%eval 46,0]} Bc4 {[%eval 46,0]}
18. Qd2 {[%eval 28,0]} Rfd8 {[%eval 27,0]} 19. b4 {[%eval 23,0]} Qe6 {[%eval 8,
0]} 20. Qc1 {[%eval 5,0]} a5 {[%eval 12,0]} 21. bxa5 {[%eval 13,0]} bxa4 {
[%eval 13,0]} 22. Rxa4 {[%eval 19,0]} Bb5 {[%eval 22,0]} 23. Ra3 {[%eval 19,0]}
Rxa5 {[%eval 18,0]} 24. Rxa5 {[%eval 18,0]} Nxa5 {[%eval 18,0]} 25. Qa3 {
[%eval 16,0]} Nc4 {[%eval 6,0]} 26. Qc5 {[%eval 2,0]} c6 {[%eval 17,0]} 27. Qb4
{[%eval 31,0]} Nxe3 {[%eval 37,0]} 28. Rxe3 {[%eval 44,0]} Rd7 {[%eval 50,0]}
29. Re1 {[%eval 34,0]} Qe7 {[%eval 19,0]} 30. Rb1 {[%eval 18,0]} Rb7 {[%eval
11,0]} 31. c4 {[%eval 7,0]} c5 {[%eval 4,0]} 32. Qc3 {[%eval 2,0]} Bc6 {[%eval
0,0]} 33. Qxe5 {[%eval 0,0]} Rxb1+ {[%eval 0,0]} 34. Bxb1 {[%eval 0,0]} Qxe5 {
[%eval 0,0]} 35. Nxe5 {[%eval 0,0]} Bxe4 {[%eval 0,0]} 36. Bxe4 {[%eval 0,0]}
Nxe4 {[%eval 0,0]} 37. Nd3 {[%eval 0,0]} Nd6 {[%eval 0,0]} 38. Nxc5 1/2-1/2